000 00191 a2200097 4500
020 _a9780778323495
041 _aeng
100 _aChristimas Letters
245 _aDebbie Macomber
942 _cBK
999 _c11075
_d11075